000 00424nam a22001697a 4500
005 20160702101720.0
008 160702b xxu||||| |||| 00| 0 eng d
020 _a978-81-318-0245-8
041 _aeng
082 _b20886
100 _aSingh, Balvinder and Dixit, Ashish
_93450
245 _aAnalog Electronics
260 _bUniversity Science press
300 _a276
650 _aDiploma Engineering
_9817
942 _cBK
999 _c5152
_d5150